Využitie priestorových údajov na krízové riadenie počas povodní

Salvato in:
Dettagli Bibliografici
Autore principale: Haníková, Jana, 1989- (Autore)
Altri autori: Gálová, Linda, 1984- (Relatore della tesi)
Natura: Manoscritto Libro
Lingua:slovacco
Pubblicazione: Bratislava : STU v Bratislave SvF, 2010
Soggetti:
Accesso online:VAIS
Tags: Aggiungi Tag
Nessun Tag, puoi essere il primo ad aggiungerne!!

MARC

LEADER 00000ntm a22000003a 4500
001 stu217146
005 20160721135400.7
008 101123s2010----xo------------------slo-d
040 |a STU  |b slo 
041 0 |a slo 
044 |a xo 
100 1 |a Haníková, Jana,  |d 1989-  |4 aut  |X 48966  |7 A000048966 
242 0 0 |a The using of spatial data for crisis regulation during the floods  |y eng 
245 1 |a Využitie priestorových údajov na krízové riadenie počas povodní 
260 |a Bratislava :  |b STU v Bratislave SvF,  |c 2010 
650 7 |a geodézia a kartografia  |2 stusub 
650 7 |a Geodesy and Cartography  |2 estusub 
650 7 |a flood  |2 estusub 
650 7 |a INSPIRE  |2 estusub 
650 7 |a INSPIRE  |2 stusub 
650 7 |a povodeň  |2 stusub 
650 7 |a INSPIRE  |2 estusub 
650 7 |a INSPIRE  |2 stusub 
650 7 |a krízový manažment  |2 stusub 
700 1 |a Gálová, Linda,  |d 1984-  |4 ths  |u V130  |U SvF Stavebná fakulta  |T SvF Katedra geodetických základov  |X 20773  |U V130  |Y 13  |7 A000020773 
856 4 |a info a plný text  |u http://is.stuba.sk/zp/portal_zp.pl?podrobnosti=47621  |3 VAIS